Questions Albert Einstein wouldn't have known - Statistics

General Stats
  • This quiz has been taken 14 times
  • The average score is 8 of 10
Answer Stats
Question Answer % Correct
When did Albert Einstein die? 1955
100%
When was South Sudan a country? 2011
100%
Which country won the 2022 World Cup? Argentina
100%
Who was the 44th US president? Barack Obama
100%
Why was 6 afraid of 7? Because 7 8 9.
100%
What pandemic occurred during 2020? Corona Virus
100%
What does IDK stand for? I don't know
100%
When was Five Nights at Freddy's made? 2014
50%
Who are the founders of YouTube? Jawed Karim, Chad Hurley and Steve Chen.
50%
When was the first iPhone invented? 2007
0%
No matching quizzes found
Score Distribution
Percent of People with Each Score
Percentile by Number Answered
Your Score History
You have not taken this quiz